Welcome to the Holygrace Academy Library

Please use search bar below to get started

NOOTTANDINE MATTIMARICHA NOOTTONNU INDIAKKAR (Record no. 8976)

MARC details
000 -LEADER
fixed length control field 00390nam a22001337a 4500
082 ## - DEWEY DECIMAL CLASSIFICATION NUMBER
Classification number 894.812
Item number MOO/N
100 ## - MAIN ENTRY--AUTHOR NAME
Personal name MOOSAKUTTY
245 ## - TITLE STATEMENT
Title NOOTTANDINE MATTIMARICHA NOOTTONNU INDIAKKAR
246 ## - VARYING FORM OF TITLE
Title proper/short title NOOTTANDINE MATTIMARICHA NOOTTONNU INDIAKKAR
Remainder of title NOOTTANDINE MATTIMARICHA NOOTTONNU INDIAKKAR
260 ## - PUBLICATION, DISTRIBUTION, ETC. (IMPRINT)
Place of publication THRISSUR
Name of publisher H & C
Year of publication 2011
300 ## - PHYSICAL DESCRIPTION
Number of Pages 144
650 ## - SUBJECT ADDED ENTRY--TOPICAL TERM
Topical Term MALAYALAM G K
942 ## - ADDED ENTRY ELEMENTS (KOHA)
Koha item type Books
Holdings
Withdrawn status Lost status Collection code Home library Current library Shelving location Date acquired Source of acquisition Cost, normal purchase price Full call number Accession Number Koha item type
    G.K Main Library Main Library SHELF-16L- MALAYALAM BIOGRAPHY,STUDIES/CRITICISM 26/03/2015 PURCHASED 20.00 894.812 MOO/N 09723 Books